000 00357nam a2200145Ia 4500
008 240624s9999 xx 000 0 und d
041 _aeng
082 _a658.4092 MAR
100 _aMARRIN JOHN
245 _aLEADERSHIP FOR DUMMIES
250 _a11
260 _c2011
_aCanada
_bJohn Wiley & Sons
300 _axviii, : 329 : p. : cm. ; 23
365 _c
_b27
999 _c17815
_d17815